Score 0/24 Timer 06:00
3 Plays Today
Hint Answer % Correct
Kill Bill: Vol. 2
95.3%
Spider-Man 2
95.2%
The Incredibles
92.7%
V for Vendetta
83.7%
The Karate Kid (2010)
81.6%
Inspector Gadget
74%
Her
69.6%
Starsky & Hutch
64.5%
Birdman: Or (The Unexpected Virtue of Ignorance)
62%
The Hunt for Red October
61.4%
Kangaroo Jack
59.6%
Red
58.3%
Hint Answer % Correct
Lethal Weapon 4
49%
Django Unchained
46%
Resident Evil
41.9%
Warm Bodies
37.9%
Vertigo
33.5%
Burn After Reading
26.7%
John Carter
17.4%
Mission to Mars
11.5%
Lean on Me
9.1%
New York, I Love You
6.8%
Incendies
2.1%
Enemy
2%
Remove Ads.
Support Sporcle.
Get the best of Sporcle when you Go Orange. This ad-free experience offers more features, more stats, and more fun while also helping to support Sporcle. Thank you for becoming a member.

You're not logged in!

Compare scores with friends on all Sporcle quizzes.
OR
Log In

Show Comments

Extras

Top Quizzes Today


Score Distribution

Your Account Isn't Verified!

In order to create a playlist on Sporcle, you need to verify the email address you used during registration. Go to your Sporcle Settings to finish the process.

Report this User

Report this user for behavior that violates our Community Guidelines.

Details: